| 000 | 00508nam a2200169 i 4500 | ||
|---|---|---|---|
| 001 | 39127 | ||
| 003 | ES-MaACL | ||
| 005 | 20230906155909.0 | ||
| 007 | t| | ||
| 008 | 030227s1909 fr ||||1| fre d | ||
| 100 | 1 |
_aCampbell, R. J. _934154 |
|
| 245 | 1 | 3 |
_aLe Christianisme de l'Avenir on la theologie nouvelle / _cR. J. Campbell ; traduction de Jacques Arnavon. |
| 260 |
_aParis : _bEmile Nourry, _c1909. |
||
| 300 |
_a334 p. ; _c19 cm. |
||
| 700 | 1 |
_aArnavon, Jacques. _923078 |
|
| 852 |
_aES-MaACL _jF-8852 |
||
| 999 |
_c39127 _d39127 |
||